00440nam a2200169Ia 4500003000400000005001700004008004100021020001800062040000900080082002100089100002600110245005100136250001200187260004900199300000900248650001300257OSt20201020132428.0190216s9999||||xx |||||||||||||| ||und|| a9780195694062 coclc a891.46871bLIM/O aLimbale, Sharankumar  0aThe Outcaste Akkarmashi /cSharankumar Limbale a2nd Ed. bOxford University Press ,c2008.aNew Delhi: a121p aBiogaphy